000 01004nam a2200277 i 4500
003 EG-GICUC
005 20260419105001.0
008 260418s1991 fr ||||fr|||| 00| 0 fre d
040 _aEG-GiCUC
_bfre
_cEG-GiCUC
_dEG-GiCUC
_eRda
082 0 4 _221
_a341.9
_bAR . R
092 0 4 _221
099 _aLaw1 12 341.9 AR . R 1991
100 1 _aArafa,Mohamed El Sayed
_eAuteur
245 _aLa Responsabilité Des Constructeurs (Journées égyptiennes).
_hTome XLII /
_cMohamed El Sayed Arafa.
264 1 _aParis :
_bTravaux de l'Association Henri Capitant des amis de la culture juridique française ,
_c1991 .
300 _a291 page ;
_c24 cm.
336 _2rda contenu
_a texte
337 _2rda medias
_aOrdinateur
338 _2 transporteur rda
_a Ressource en ligne
546 _aTexte en français
650 _aDroit International Privé
650 _aDroit International – Histoire
856 4 0 _uhttps://fll.law.cu.edu.eg/fulltext/bks/B12-03102.pdf
905 _a59
942 _2ddc
_n0
_cBK
_e21
999 _c71646
_d71646